<?xml version="1.0" encoding="UTF-8"?>
<marc:record xmlns:marc="http://www.loc.gov/MARC21/slim">
   <marc:leader>00000nam a2200000 a 4500</marc:leader>
   <marc:datafield ind1="1" ind2=" " tag="100">
      <marc:subfield code="a">Guggenberger, Elisabeth</marc:subfield>
      <marc:subfield code="4">ctb</marc:subfield>
      <marc:subfield code="e">Mitwirkende/-r</marc:subfield>
   </marc:datafield>
   <marc:datafield ind1="1" ind2=" " tag="100">
      <marc:subfield code="a">Voitl, Helmut</marc:subfield>
      <marc:subfield code="4">ctb</marc:subfield>
      <marc:subfield code="e">Mitwirkende/-r</marc:subfield>
   </marc:datafield>
   <marc:datafield ind1=" " ind2=" " tag="653">
      <marc:subfield code="a">Geschichte</marc:subfield>
   </marc:datafield>
   <marc:datafield ind1=" " ind2=" " tag="653">
      <marc:subfield code="a">Expedition</marc:subfield>
   </marc:datafield>
   <marc:datafield ind1=" " ind2=" " tag="653">
      <marc:subfield code="a">Reiseerzählungen/Welt</marc:subfield>
   </marc:datafield>
   <marc:datafield ind1=" " ind2=" " tag="653">
      <marc:subfield code="a">Arktis</marc:subfield>
   </marc:datafield>
   <marc:datafield ind1=" " ind2=" " tag="653">
      <marc:subfield code="a">Antarktis</marc:subfield>
   </marc:datafield>
   <marc:datafield ind1="0" ind2="0" tag="245">
      <marc:subfield code="a">Eis und Ego</marc:subfield>
   </marc:datafield>
   <marc:datafield ind1="0" ind2="0" tag="245">
      <marc:subfield code="b">Arktis Expeditionen</marc:subfield>
   </marc:datafield>
   <marc:datafield ind1="0" ind2="0" tag="245">
      <marc:subfield code="c">Elisabeth Guggenberger ; Helmut Voitl</marc:subfield>
   </marc:datafield>
   <marc:datafield ind1=" " ind2="1" tag="264">
      <marc:subfield code="a">Wien</marc:subfield>
      <marc:subfield code="b">Brandstätter</marc:subfield>
      <marc:subfield code="c">2008</marc:subfield>
   </marc:datafield>
   <marc:datafield ind1="1" ind2=" " tag="520">
      <marc:subfield code="a">Angaben aus der Verlagsmeldung

Arktis Expeditionen : Eis und Ego / von Elisabeth Guggenberger, Helmut Voitl

Alljährlich marschieren Abenteurer zum
Nordpol. Begonnen haben die Pol-Rallyes
mit den legendären Polarforschern des
19. Jahrhunderts, einer Zeit, geprägt von
Imperialismus und Nationalismus, aber
auch von Forschung und Entdeckung, ­Eroberung und Bezwingung. Heldentum und Opferbereitschaft war angesagt, zu Ruhm und Ehre des Vaterlandes.

Die Autoren Elisabeth Guggenberger und Helmut Voitl siedeln ihr Buch jenseits von Grenzbereich-Pathos und Frostbeulen-Imponiergehabe an. Ihr Buch erzählt von der "anderen Seite" jener Menschen, die ins Eis zogen. In Schilderungen über das Schicksal von elf Expeditionsleitern wird klar, was sie am Eis faszinierte. Die Erzählungen beruhen auf persönlichen Eis-Erfahrungen der Autoren und pro­funden Kenntnissen der Arktis und ihrer Geschichte. Über ein Jahr verbrachten sie während eines vierjährigen Arktis-Filmprojektes in der Hohen Arktis auf Franz Josef Land. Sie erleben fiktive Begegnungen mit ihren Protagonisten, ­basierend auf historischen Tatsachen und Dokumenten. So ergibt sich eine Zeitreise in die Absurdität einer Männerwelt, in der das Streben nach Macht und Erfolg ebenso vorhanden war wie Forschergeist, Lebenswille, Liebe und der ganz normale Wahnsinn des Seins.
</marc:subfield>
   </marc:datafield>
   <marc:datafield ind1=" " ind2=" " tag="020">
      <marc:subfield code="a">9783850332040</marc:subfield>
      <marc:subfield code="9">9783850332040</marc:subfield>
   </marc:datafield>
   <marc:datafield ind1=" " ind2=" " tag="300">
      <marc:subfield code="a">319 S.</marc:subfield>
   </marc:datafield>
</marc:record>
